|
|
|
|
| LEADER |
00000nas a2200000 a 4500 |
| 001 |
ssj0017203 |
| 003 |
WaSeSS |
| 005 |
20200512172242.0 |
| 006 |
m d |
| 007 |
cr n |
| 008 |
890907d19892007dcubx p s 0 a0eng c |
| 010 |
|
|
|a sf 94092449
|z sn 89003331
|
| 016 |
7 |
|
|a 2085431-6
|2 DE-600
|
| 016 |
7 |
|
|a 010511716
|2 Uk
|
| 016 |
|
|
|a (AMICUS)000009152680
|
| 022 |
|
|
|l 1046-6193
|y 1046-6193
|
| 032 |
|
|
|a 007476
|b USPS
|
| 035 |
|
|
|a (WaSeSS)ssj0017203
|
| 037 |
|
|
|b Teacher Magazine, P.O. Box 2090, Marion, OH 43305-2090
|
| 040 |
|
|
|a FXN
|b eng
|c FXN
|d NSD
|d HUL
|d NYG
|d NST
|d IUL
|d OCL
|d NST
|d NSD
|d NST
|d NSD
|d NST
|d DLC
|d WAU
|d GUA
|d SYS
|d OCLCQ
|d GUA
|d OCLCQ
|d DLC
|d OCL
|d IUL
|d CLU
|d OCLCQ
|d DEBBG
|d UKMGB
|d OCLCQ
|d CGU
|d OCLCF
|d I8M
|d OCLCO
|d OCLCA
|d OCLCQ
|d NLC
|d U3G
|d PIFBR
|d WaSeSS
|
| 042 |
|
|
|a nsdp
|a pcc
|
| 050 |
1 |
4 |
|a LB1775
|b .T4
|
| 082 |
1 |
0 |
|a 371
|2 11
|
| 210 |
0 |
|
|a Teach. mag.
|
| 222 |
|
0 |
|a Teacher magazine
|
| 245 |
0 |
0 |
|a Teacher magazine
|h [electronic resource].
|
| 260 |
|
|
|a Washington, DC :
|b Editorial Projects in Education,
|c 1989-
|
| 310 |
|
|
|a 6 no. a year,
|b Vol. 15, no. 1 (Aug./Sep. 2003)-
|
| 321 |
|
|
|a Monthly (except Aug. and combined Sept./Oct.),
|b Oct. 1989-June/July 1990
|
| 321 |
|
|
|a Monthly (except combined Nov./Dec. and June/July),
|b Aug. 1990-
|
| 321 |
|
|
|a 9 nos. a year (monthly except for July and combined May/June and Nov./Dec.),
|b <Mar. 1997->
|
| 321 |
|
|
|a 8 no. a year (monthly except July and combined May/June, Aug./Sept., and Nov./Dec.),
|b <1999->Vol. 14, no. 8 (2003)
|
| 362 |
0 |
|
|a Vol. 1, no. 1 (Sept./Oct. 1989)-
|
| 362 |
1 |
|
|a Ceased with May/June 2007 issue.
|
| 500 |
|
|
|a Title from cover.
|
| 500 |
|
|
|a Place of publication varies.
|
| 506 |
|
|
|a License restrictions may limit access.
|
| 515 |
|
|
|a Vol. 1, no. 1 called also premier issue.
|
| 588 |
|
|
|a Latest issue consulted: Vol. 17, no. 6 (May/June 2006).
|
| 650 |
|
0 |
|a Education
|v Periodicals.
|
| 650 |
|
0 |
|a Teachers
|v Periodicals.
|
| 650 |
|
0 |
|a Teaching
|v Periodicals.
|
| 650 |
|
7 |
|a Education.
|2 fast
|0 (OCoLC)fst00902499
|
| 650 |
|
7 |
|a Teachers.
|2 fast
|0 (OCoLC)fst01144248
|
| 650 |
|
7 |
|a Teaching.
|2 fast
|0 (OCoLC)fst01144565
|
| 650 |
|
7 |
|a Zeitschrift
|2 gnd
|
| 650 |
0 |
7 |
|a Schule.
|2 swd
|
| 651 |
|
7 |
|a USA.
|2 swd
|
| 655 |
|
0 |
|a Electronic journals.
|
| 710 |
2 |
|
|a Editorial Projects in Education (Firm)
|
| 850 |
|
|
|a ArU
|a AzTeS
|a CSt
|a CoFS
|a DLC
|a ICU
|a IaAS
|a InU
|a MH-Ed
|a MnU
|a N
|a NRU
|a ViU
|a WM
|a WaU
|
| 853 |
2 |
0 |
|8 1
|a v.
|b no.
|i (year)
|j (month)
|
| 853 |
2 |
0 |
|8 1
|a v.
|b no.
|u 6
|v r
|i (year)
|j (month)
|w 6
|x 08/09
|y pm01/02,03/04,05/06,08/09,10,11/12
|
| 856 |
4 |
0 |
|z Full text available from Research Library: 05/01/2004 to 05/31/2007
|u https://search.proquest.com/publication/4016
|
| 863 |
4 |
1 |
|8 1.1
|a 1
|b 1
|i 1989/1990
|j 09/10
|
| 863 |
4 |
1 |
|8 2.1
|a 15
|b 1
|i 2003
|j 08/09
|